Numerical Computation of Internal and External Flows. Fundamentals of Computational Fluid Dynamics

Dades bibliogràfiques
Autor principal: Hirsch Ch. Charles
Idioma:anglès
Publicat: Amsterdam, Elsevier, 2007
Edició:Second Edition
Matèries:
Format: MixedMaterials Llibre
KOHA link:https://koha.lib.tpu.ru/cgi-bin/koha/opac-detail.pl?biblionumber=154446

MARC

LEADER 00000nam0a2200000 4500
001 154446
005 20231101221751.0
010 |a 9780750665940 
035 |a (RuTPU)RU\TPU\book\167527 
090 |a 154446 
100 |a 20090226d2007 k y0engy50 ba 
101 0 |a eng 
102 |a GB 
105 |a a z 001zy 
200 1 |a Numerical Computation of Internal and External Flows. Fundamentals of Computational Fluid Dynamics  |f Ch. Hirsch 
205 |a Second Edition 
210 |a Amsterdam  |c Elsevier  |d 2007 
215 |a 656 p.  |c il. 
320 |a References at the end of chapters. 
320 |a Index: p. 647-656. 
606 1 |a Гидродинамика  |x Математические методы  |2 stltpush  |3 (RuTPU)RU\TPU\subj\67339  |9 83182 
610 1 |a численные методы 
610 1 |a исследования 
610 1 |a уравнения 
610 1 |a задачи 
610 1 |a ресурсы 
610 1 |a английский язык 
675 |a 532.5:51  |v 3 
700 1 |a Hirsch  |b Ch.  |g Charles 
801 1 |a RU  |b 63413507  |c 20090226  |g PSBO 
801 2 |a RU  |b 63413507  |c 20090310  |g PSBO 
942 |c BK